Politics of honor in Ottoman Anatolia : sexual violence and socio-legal surveillance in the eighteenth century /
In Politics of Honor , Başak Tuğ examines moral and gender order through the glance of legal litigations and petitions in mid-eighteenth century Anatolia. By juxtaposing the Anatolian petitionary registers, subjects' petitions, and Ankara and Bursa court records, she analyzes the institutional...
Main Author:
Format: eBook
Language: English
Published:
Leiden ; Boston :
Brill,
[2017]
Series:
The Ottoman Empire and its Heritage
62.
Middle East and Islamic Studies E-Books Online, Collection 2017, ISBN: 9789004325999.
Subjects:
Online Access: Login to view Source
Tags: Add Tag
Call Number: DR531 .T84 2017
| LEADER | 03450nam a2200589 i 4500 | ||
|---|---|---|---|
| 001 | BRILL9789004338654 | ||
| 003 | nllekb | ||
| 005 | 20211118222303.0 | ||
| 006 | m d | ||
| 007 | cr un uuuua | ||
| 008 | 170117s2017 ne ab sb 001 0 eng d | ||
| 010 | |a 2017001458 | ||
| 020 | |a 9789004338654 |q (electronic book) | ||
| 020 | |z 9789004266971 |q (print) | ||
| 024 | 7 | |a 10.1163/9789004338654 |2 DOI | |
| 035 | |a (OCoLC)969197939 | ||
| 040 | |a NL-LeKB |c NL-LeKB |e rda | ||
| 043 | |a a-tu--- | ||
| 050 | 4 | |a DR531 |b .T84 2017 | |
| 072 | 7 | |a HIS |x 026000 |2 bisacsh | |
| 072 | 7 | |a HBJF1 |2 bicssc | |
| 072 | 7 | |a HIS026000 |2 bisacsh | |
| 082 | 0 | 4 | |a 956.1/0153 |2 23 |
| 100 | 1 | |a Tuğ, Başak. | |
| 245 | 1 | 0 | |a Politics of honor in Ottoman Anatolia : |b sexual violence and socio-legal surveillance in the eighteenth century / |c by Başak Tuğ. |
| 264 | 1 | |a Leiden ; |a Boston : |b Brill, |c [2017] | |
| 300 | |a 1 online resource (viii, 290 pages) : |b illustrations, maps. | ||
| 336 | |a text |b txt |2 rdacontent | ||
| 337 | |a computer |b c |2 rdamedia | ||
| 338 | |a online resource |2 rdacarrier | ||
| 490 | 1 | |a The Ottoman empire and its heritage, |x 1380-6076 ; |v v. 62 | |
| 504 | |a Includes bibliographical references and index. | ||
| 505 | 0 | 0 | |a Preliminary Material -- Introduction -- Social and Legal Order in the Eighteenth Century -- Petitioning and Intervention: A Question of Power -- Banditry, Sexual Violence, and Honor -- The Repertoire of Sexual Crimes in the Courts -- The Penal Order of Eighteenth-century Anatolia -- Conclusion -- Bibliography -- Index. |
| 506 | |a Available to subscribing member institutions only. | ||
| 520 | |a In Politics of Honor , Başak Tuğ examines moral and gender order through the glance of legal litigations and petitions in mid-eighteenth century Anatolia. By juxtaposing the Anatolian petitionary registers, subjects' petitions, and Ankara and Bursa court records, she analyzes the institutional framework of legal scrutiny of sexual order. Through a revisionist interpretation, Tuğ demonstrates that a more bureaucratized system of petitioning, a farther hierarchically organized judicial review mechanism, and a more centrally organized penal system of the mid-eighteenth century reinforced the existing mechanisms of social surveillance by the community and the co-existing "discretionary authority" of the Ottoman state over sexual crimes to overcome imperial anxieties about provincial "disorder". | ||
| 588 | |a Description based on online resource; title from digital title page (viewed on February 09, 2017). | ||
| 648 | 7 | |a 1288-1918 |2 fast | |
| 650 | 0 | |a Sex crimes |z Turkey. | |
| 650 | 0 | |a Criminal procedure |z Turkey. | |
| 650 | 7 | |a Criminal procedure. |2 fast | |
| 650 | 7 | |a Sex crimes. |2 fast | |
| 651 | 0 | |a Turkey |x History |y 18th century. | |
| 651 | 0 | |a Turkey |x History |y Ottoman Empire, 1288-1918. | |
| 651 | 7 | |a Turkey. |2 fast | |
| 655 | 7 | |a History. |2 fast | |
| 776 | 0 | 8 | |i Print version: |a Tuğ, Başak. |t Politics of honor in Ottoman Anatolia. |d Leiden ; Boston : Brill, [2017] |z 9789004266971 |w (DLC) 2016054002 |w (OCoLC)962552920 |
| 830 | 0 | |a The Ottoman Empire and its Heritage |v 62. | |
| 830 | 0 | |a Middle East and Islamic Studies E-Books Online, Collection 2017, ISBN: 9789004325999. | |
| 856 | 4 | |z DOI: |u http://dx.doi.org/10.1163/9789004338654 | |
| 942 | |2 lcc |c EBOOK | ||
| 952 | |0 0 |1 0 |2 lcc |4 0 |7 1 |9 23009 |a BRILL |b BRILL |d 2021-11-18 |l 0 |r 2021-11-18 00:00:00 |w 2021-11-18 |y EBOOK | ||
| 999 | |c 40483 |d 40483 | ||
